000 00660nam a2200193 i 4500
001 149823
003 ES-MaACL
005 20250818012525.0
007 t|
008 071024s1929 cu ||||1| spa d
100 1 _aValverde y Maruri, Antonio L.
_9113022
245 1 0 _aManuel de la Cruz /
_cdiscurso leído por el académico de número Dr. Antonio L. Valverde y Maruri.
260 _aLa Habana :
_bEl Siglo XX,
_c1929.
594 _aPrecede al tít.: Academia de la Historia de Cuba.
600 1 4 _aCruz, Manuel de la,
_d1861-1896
_9162767
710 2 _aAcademia de la Historia de Cuba.
_91183
852 _aES-MaACL
_j1725-F-20
999 _c149823
_d149823